=LDR 00000nam 2200000 4500 =001 INLIS000000000001481 =005 20130612085900 =008 ***********************************Ind** =035 ##$$0010-061300000001481 =041 ##$$a Ind =082 ##$$a 808.901 =090 ##$$a 808.901, Nur-t =100 ##$$a NURGIYANTORO, Burhan =245 ##$$a Teori pengkajian fiksi, Burhan Nurgiyantoro =260 ##$$a 1995 $b Yogyakarta =300 ##$$a xiv, 347 hlm, 21 cm =650 ##$$a Fiksi - Teori =850 ##$$a NBPNMAT